|
|
|
|
| LEADER |
00841nam a2200193Ia 4500 |
| 001 |
CTU_33837 |
| 008 |
210402s9999 xx 000 0 und d |
| 082 |
|
|
|a 510.07
|
| 082 |
|
|
|b Qu451/1994
|
| 100 |
|
|
|a Phan Tuấn Quốc
|
| 245 |
|
0 |
|a Luyện tập vận dụng các định lí về quan hệ song song ( hình học không gian lớp 11 ) bằng máy tính
|
| 245 |
|
0 |
|b Luận văn tốt nghiệp Đại học Sư phạm ngành Toán Khóa 16
|
| 245 |
|
0 |
|c Phan Tuấn Quốc
|
| 260 |
|
|
|a Cần Thơ
|
| 260 |
|
|
|b Trường Đại học Cần Thơ, Khoa Sư phạm, Bộ môn Toán
|
| 260 |
|
|
|c 1994
|
| 650 |
|
|
|a geometry,mathematics - study and teaching ( secondary )
|
| 904 |
|
|
|i Nguyễn Quang Điền, 991112
|
| 980 |
|
|
|a Trung tâm Học liệu Trường Đại học Cần Thơ
|